000 00786nmm a2200301 a 4500
003 AR-BaBNM
005 20251128211834.0
008 176120s2005 ||||||||||||||000 | spa||
020 _a84-488-2199
040 _cAR-BaBNM
100 1 _aEstivill, Eduard
245 1 0 _aLila
250 _a1ª ed.
260 _aBarcelona
_bBeascoa
_c2005
300 0 _aca. 30 p.
_bil. col
500 0 _aIncluye cuaderno pedagógico
650 4 _aLIBROS PARA NINOS
650 4 _aCUENTO INFANTIL
650 4 _aHUMOR
650 4 _aEDUCACION DE LA PRIMERA INFANCIA
653 0 _aLITERATURA DIDACTICA
655 _aLITERATURA
700 1 _aDomènech, Montserrat
700 1 _aBlanco Hernández, Purificación
_eilustrador
700 1 _aMiralles, Francesc
942 _cBK
998 _cNancy
999 _c21329
_d21329